Efektívna komunikácia a jej determinujúce faktory v SR
Význam efektívnej komunikácie. Výsledky prieskumu v oblasti komunikácie slovenských podnikov a prehľad faktorov ovplyvňujúcich výber komunikačných nástrojov v slovenských podnikoch v súčasnosti.
Salvato in:
| Autore principale: | |
|---|---|
| Natura: | Capitolo di libro |
| Lingua: | slovacco |
| Soggetti: | |
| Tags: |
Nessun Tag, puoi essere il primo ad aggiungerne!!
|
MARC
| LEADER | 00000naa$a2200000$$$4500 | ||
|---|---|---|---|
| 001 | 0092178 | ||
| 005 | 20240502083234.4 | ||
| 041 | 0 | |a slo | |
| 044 | |a CZ | ||
| 245 | 1 | 0 | |a Efektívna komunikácia a jej determinujúce faktory v SR |c Miroslava Szarková |
| 520 | |a Význam efektívnej komunikácie. Výsledky prieskumu v oblasti komunikácie slovenských podnikov a prehľad faktorov ovplyvňujúcich výber komunikačných nástrojov v slovenských podnikoch v súčasnosti. | ||
| 610 | 2 | 0 | |a komunikácia marketingová |
| 610 | 2 | 0 | |a komunikácia interná |
| 610 | 2 | 0 | |a komunikácia |
| 610 | 2 | 0 | |a podnik |
| 610 | 2 | 0 | |a Slovensko |
| 100 | 1 | |a Szarková, Miroslava, 1951- | |